| 000 | 00699nam a22002417a 4500 | ||
|---|---|---|---|
| 003 | CHAP | ||
| 005 | 20220329135632.0 | ||
| 008 | 971013s r 00010 d | ||
| 010 | _a39694 | ||
| 011 | _a40666 | ||
| 035 | _a44792 | ||
| 040 | _cCHAP | ||
| 090 | _aR-125 | ||
| 100 | 0 | 0 |
_aFindlay, John a. _940986 |
| 245 | _aInvestigation of the sex-attractan of the spruce burdworm moth | ||
| 500 | _aSobretiro de : Chemistry in Canada Sept 1966 p.3-4 | ||
| 590 |
_aBATCH-UPD _b10 _c20130110 _lUCH01 _h2321 |
||
| 590 |
_aCONVERSION _b10 _c20130109 _lUCH01 _h1322 |
||
| 650 | 1 | 4 |
_aChoristoneura fumiferana. _922879 |
| 901 | _aBK | ||
| 942 | _cREIMP | ||
| 949 |
_aR-125 _bBC _cR _d-102614 _eTS1 _i44792 _si |
||
| 999 |
_c39694 _d39694 |
||